000 00715nam a2200217Ia 4500
005 20250108124756.0
008 008 250107s9999 xx 000 0 hin d
020 _a978-93-84564-79-3
037 _aTB
040 _aCRL
_bhin
_cCRL
041 _ahin
_2hin
084 _aV25233 fR2
084 _qCRL
100 _aमोहन प्रियाचार्य, अनु.
_9163369
245 0 _aसेवा पूजा
_cमोहन प्रियाचार्य, अनु.
260 _aदिल्ली, भारत
_bश्री प्राणनाथ मिशन
_c2146
300 _a80पृ0
365 _aINR
_b0
942 _cTB
_hV25233 fR2
999 _c1234534
_d1234534